Geografía, américa: sociedades y espacios : recursos para el docente /
Guardado en:
| Autor Principal: | |
|---|---|
| Otros Autores: | |
| Formato: | Libro |
| Publicado: |
Buenos Aires :
Santillana,
2015
|
| Series: | Santillana en línea
|
| Materias: | |
| Etiquetas: |
Agregar Etiqueta
Sin Etiquetas, Sea el primero en etiquetar este registro!
|
| LEADER | 00879nam a22002295a 4500 | ||
|---|---|---|---|
| 001 | CEM.cems015200 | ||
| 005 | 20191016112745.0 | ||
| 008 | 130507s2015##################000#0#####d | ||
| 003 | CEMS | ||
| 020 | |a 9789504641445 | ||
| 082 | 0 | 4 | |a 918 |
| 100 | 1 | |a García, Patricia | |
| 245 | 1 | 0 | |a Geografía, américa: sociedades y espacios : |b recursos para el docente / |c Patricia García ; romina D. Iuso |
| 260 | |a Buenos Aires : |b Santillana, |c 2015 | ||
| 300 | |a 24 p. ; 28x22 cm. | ||
| 490 | 0 | |a Santillana en línea | |
| 505 | 0 | |a Imágenes de América y el mundo -- Ambientes y recursos naturales estratégicos -- La inserción en la economía mundo -- Población, condiciones de vida y movimientos sociales -- | |
| 653 | |a Geografía | ||
| 653 | |a Geografía de américa | ||
| 653 | |a América | ||
| 700 | 1 | |a Iuso, Patricia D. | |
| 859 | |a CEMS |b BIB. CEMS - 11 de abril |h 918 |i G165-1 |p 28357.19 |t Ej.1 | ||
